Paris Landmarks by Picture - Statistics

General Stats
  • This quiz has been taken 223 times
  • The average score is 9 of 16
Answer Stats
Picture Answer % Correct
Tour d'Eiffel
98%
Notre Dame de Paris
94%
Le Louvre
88%
Moulin Rouge
80%
Arc de Triomphe
78%
Champs-Élysées
61%
Sacré-Cœur
61%
Disneyland Paris
60%
Panthéon
56%
Musée d'Orsay
48%
Les Invalides
40%
Place de la Concorde
38%
Jardin du Luxembourg
29%
Grand Palais
24%
Champs de Mars
20%
Jardin des Tuileries
20%
No matching quizzes found
Score Distribution
Percent of People with Each Score
Percentile by Number Answered
Your Score History
You have not taken this quiz